Statistics for 10 Most Spoken Languages in the World in Order

Click here to take the quiz!

General Stats

  • This quiz has been taken 65 times
  • The average score is 7 of 10

Answer Stats

Number of Speakers Language % Correct
1,302,000,000Chinese
100%
365,000,000English
97%
390,000,000Spanish
95%
295,000,000Hindi
71%
160,000,000Russian
64%
280,000,000Arabic
62%
205,000,000Portuguese
55%
125,000,000Japanese
53%
200,000,000Bengali
38%
95,000,000Punjabi
21%

Score Distribution

Percentile by Number Answered

Percent of People with Each Score

Your Score History

You have not taken this quiz